MARC

LEADER 00000nam0a2200000 4500
001 65220
005 20231031070352.0
010 |a 5279022640 
035 |a (RuTPU)RU\TPU\book\69236 
090 |a 65220 
100 |a 20040617d2004 m y0rusy50 ca 
101 0 |a rus 
102 |a RU 
105 |a a f 001zy 
200 1 |a Энциклопедия туризма  |f И. В. Зорин, В. А. Квартальнов  |g Российская международная академия туризма 
210 |a Москва  |c Финансы и статистика  |d 2004 
215 |a 365 с.  |c ил. 
320 |a Библиогр.: с. 354-358. 
451 1 |0 (RuTPU)RU\TPU\book\37487  |y 5-279-02264-0  |t Энциклопедия туризма  |o справочник  |f И. В. Зорин, В. А. Квартальнов  |c М.  |n Финансы и статистика  |d 2001  |p 368 с.  |a Зорин, Игорь Владимирович 
610 1 |a экономика 
610 1 |a туризм 
610 1 |a туристическая деятельность 
610 1 |a гостеприимство 
610 1 |a гостиничная индустрия 
610 1 |a рекреационная сфера 
610 1 |a энциклопедии 
686 |a У9(2)43я2  |v LBC/SL-A  |2 rubbk 
700 1 |a Зорин  |b И. В.  |g Игорь Владимирович 
701 1 |a Квартальнов  |b В. А.  |g Валерий Александрович 
712 0 2 |a Российская международная академия туризма  |2 stltpush  |3 (RuTPU)RU\TPU\col\168 
801 1 |a RU  |b 63413507  |c 20040617  |g PSBO 
801 2 |a RU  |b 63413507  |c 20090911  |g PSBO 
942 |c BK